PAROLES - Back To Black - Amy Winehouse - Statistiques

Statistiques générales
  • Ce quiz a été pris 360 fois
  • Le résultat moyen est 166 sur 216
Statistiques - réponses
Réponse % Correct
to
99%
back
97%
a
96%
I
96%
He
95%
time
94%
black
93%
Black,
93%
go
93%
we
93%
We
93%
and
91%
And
91%
no
89%
You
89%
you
89%
on
84%
With
83%
with
83%
goodbye
82%
her
82%
only
80%
words
80%
hundred
79%
regret
79%
left
77%
times
77%
said
75%
died
74%
my
70%
My
70%
Me
66%
his
64%
dick
61%
love
59%
wet
59%
tears
55%
dry
54%
Kept
54%
same
54%
head
53%
So
53%
high
52%
old
50%
us
48%
went
48%
what
47%
the
46%
far
45%
Get
45%
guy
44%
bet
43%
is
43%
knew
43%
not
43%
all
42%
without
42%
are
39%
It's
39%
much
39%
that
38%
enough
37%
like
37%
safe
37%
through
35%
From
33%
inside
32%
removed
32%
blow
31%
puff
30%
track
30%
life
29%
pipe
28%
penny
27%
tiny
27%
odds
25%
troubled
25%
I'm
24%
stacked
22%
I'll
20%
walls
19%
tread
18%
Rollin'up
7%
Aucun quiz correspondant
Distribution des résultats
% des personnes avec chaque résultat
Percentile par nombre de réponses
Votre historique - résultats
Vous n’avez pas pris ce quiz